Preventing and responding to student suicide (Record no. 4635)

MARC details
000 -CABECERA
campo de control de longitud fija 01991cam a2200313 i 4500
001 - NÚMERO DE CONTROL
campo de control 22952963
005 - FECHA Y HORA DE LA ÚLTIMA TRANSACCIÓN
campo de control 20250408085445.0
008 - DATOS DE LONGITUD FIJA--INFORMACIÓN GENERAL
campo de control de longitud fija 230202t20222022enka b 001 0 eng d
010 ## - NÚMERO DE CONTROL DE LA BIBLIOTECA DEL CONGRESO
Número de control de LC 2022304591
020 ## - NÚMERO INTERNACIONAL ESTÁNDAR DEL LIBRO
Número Internacional Estándar del Libro 9781787754188
035 ## - NÚMERO DE CONTROL DEL SISTEMA
Número de control de sistema (OCoLC)on1268127358
040 ## - FUENTE DE LA CATALOGACIÓN
Centro catalogador/agencia de origen UKMGB
Lengua de catalogación eng
Centro/agencia transcriptor UKMGB
Normas de descripción rda
Centro/agencia modificador OCLCO
-- BDX
-- OCLCF
-- NTU
-- YDX
-- OCLCO
-- DLC
041 ## - CÓDIGO DE LENGUA
Código de lengua del texto/banda sonora o título independiente eng
042 ## - CÓDIGO DE AUTENTICACIÓN
Código de autenticación lccopycat
050 00 - SIGNATURA TOPOGRÁFICA DE LA BIBLIOTECA DEL CONGRESO
Número de clasificación HV6545.8
Número de documento/Ítem .P74 2022
245 00 - MENCIÓN DE TÍTULO
Título Preventing and responding to student suicide
Mención de responsabilidad, etc. / edited by Sharon Mallon and Jo Smith ; foreword by Rosie Tressler.
246 1# - FORMA VARIANTE DE TÍTULO
Texto de visualización Subtitle on cover:
Título propio/Titulo breve Practical guide for FE and HE settings.
260 ## - PUBLICACIÓN, DISTRIBUCIÓN, ETC.
Lugar de publicación, distribución, etc. London ;
-- Philadelphia, PA :
Nombre del editor, distribuidor, etc. Jessica Kingsley Publishers,
Fecha de publicación, distribución, etc. 2022.
300 ## - DESCRIPCIÓN FÍSICA
Extensión 400 pages :
Otras características físicas illustrations ;
Dimensiones 23 cm
504 ## - NOTA DE BIBLIOGRAFÍA, ETC.
Nota de bibliografía, etc. Includes bibliographical references and indexes
520 ## - SUMARIO, ETC.
Sumario, etc. This practical book covers issues related to suicide risk, prevention and postvention in Higher and Further Education communities. Compiled by 37 experts, it is an authoritative guide to an issue that is causing increasingly large concern for FE and HE institutions and covers multiple evidence-backed approaches with a pragmatic focus. It is the first that specifically deals with student suicide in FE Colleges and universities, encouraging a holistic, institutional response.<br/>Chapters are split into three sections, beginning with understanding and preventing student suicide among students, followed by responses to risk, including a model for student prevention in HE settings. The book concludes with the response to student death by suicide with advice on postvention, and how to support bereaved family, staff, and students.
650 #0 - PUNTO DE ACCESO ADICIONAL DE MATERIA--TÉRMINO DE MATERIA
Término de materia o nombre geográfico como elemento de entrada College students
Subdivisión general Suicidal behavior
9 (RLIN) 25139
650 #0 - PUNTO DE ACCESO ADICIONAL DE MATERIA--TÉRMINO DE MATERIA
Término de materia o nombre geográfico como elemento de entrada College students
Subdivisión general Mental health
9 (RLIN) 25140
650 #0 - PUNTO DE ACCESO ADICIONAL DE MATERIA--TÉRMINO DE MATERIA
Término de materia o nombre geográfico como elemento de entrada Suicide
Subdivisión general Prevention
9 (RLIN) 25141
700 ## - ENTRADA AGREGADA--NOMBRE PERSONAL
Nombre de persona Mallon, Sharon
Término indicativo de función/relación editor
9 (RLIN) 25142
700 ## - ENTRADA AGREGADA--NOMBRE PERSONAL
Nombre de persona Smith, Jo
Término indicativo de función/relación editor
9 (RLIN) 25143
700 ## - ENTRADA AGREGADA--NOMBRE PERSONAL
Nombre de persona Tressler, Rosie
Término indicativo de función/relación writer of foreword
9 (RLIN) 25144
942 ## - ELEMENTOS DE ENTRADA AGREGADA (KOHA)
Fuente del sistema de clasificación o colocación Clasificación de Library of Congress
Holdings
Estado de retiro Estado de pérdida Fuente del sistema de clasificación o colocación Estado dañado No para préstamo Biblioteca de origen Biblioteca actual Fecha de adquisición Total de préstamos Signatura topográfica completa Código de barras Fecha visto por última vez Número de copia Precio válido a partir de Tipo de ítem Koha
    Clasificación de Library of Congress     TBS Barcelona TBS Barcelona 08/04/2025   HV6545.8 MAL B05895 08/04/2025 1 08/04/2025 Book

Powered by Koha